000
00243 a2200109 4500
001
63371
082
_a
005.133 SCH
090
_c
37422
_d
37422
100
_a
Schildt, H
245
_a
Tech yourslf C++ 2nd Ed
_h
English
260
_b
Mcgraw Hill
942
_a
CAE NUST
_k
005.133 SCH
999
_c
298444
_d
298444